[Event "ODJM B 2023"]
[Site "Willingen GER"]
[Date "2023.06.02"]
[Round "8"]
[White "Strohschän, Michel"]
[Black "Clauß, Annika"]
[Result "1-0"]
[Termination "normal"]
[Board "23"]
[WhiteElo "1718"]
[BlackElo "1466"]
[WhiteClock "00:56:11"]
[BlackClock "00:13:55"]
[PlyCount "115"]
[WhiteFideId "34630465"]
[BlackFideId "16261380"]
[EventCountry "GER"]
[EventRounds "9"]
[EventType "swiss"]
[EventDate "2023.05.27"]

1. d4 {[%clk 01:30:56]} {[%emt 00:00:03]} Nf6 {[%clk 01:30:54]} {[%emt
00:00:06]} 2. c4 {[%clk 01:31:23]} {[%emt 00:00:03]} e6 {[%clk 01:31:18]}
{[%emt 00:00:06]} 3. Nc3 {[%clk 01:31:41]} {[%emt 00:00:12]} Bb4 {[%clk
01:31:33]} {[%emt 00:00:15]} 4. Qc2 {[%clk 01:31:28]} {[%emt 00:00:43]} O-O
{[%clk 01:31:02]} {[%emt 00:01:02]} 5. a3 {[%clk 01:31:54]} {[%emt 00:00:04]}
Be7 {[%clk 01:29:07]} {[%emt 00:02:24]} 6. e4 {[%clk 01:31:15]} {[%emt
00:01:08]} d6 {[%clk 01:26:38]} {[%emt 00:03:01]} 7. Nf3 {[%clk 01:28:28]}
{[%emt 00:03:16]} c5 {[%clk 01:25:44]} {[%emt 00:01:25]} 8. d5 {[%clk
01:24:27]} {[%emt 00:04:29]} exd5 {[%clk 01:25:56]} {[%emt 00:00:19]} 9. cxd5
{[%clk 01:23:04]} {[%emt 00:01:53]} a6 {[%clk 01:23:33]} {[%emt 00:02:53]} 10.
Bd3 {[%clk 01:19:45]} {[%emt 00:03:49]} b5 {[%clk 01:21:39]} {[%emt 00:02:25]}
11. Bf4 {[%clk 01:18:51]} {[%emt 00:01:23]} Re8 {[%clk 01:20:11]} {[%emt
00:01:57]} 12. O-O {[%clk 01:17:53]} {[%emt 00:01:29]} Bg4 {[%clk 01:18:11]}
{[%emt 00:02:30]} 13. Nd2 {[%clk 01:13:09]} {[%emt 00:05:13]} c4 {[%clk
01:17:13]} {[%emt 00:01:29]} 14. Be2 {[%clk 01:13:29]} {[%emt 00:00:09]} Bxe2
{[%clk 01:17:37]} {[%emt 00:00:07]} 15. Nxe2 {[%clk 01:13:50]} {[%emt
00:00:08]} Nbd7 {[%clk 01:16:20]} {[%emt 00:01:48]} 16. Nd4 {[%clk 01:13:46]}
{[%emt 00:00:35]} Bf8 {[%clk 01:11:51]} {[%emt 00:04:59]} 17. Nc6 {[%clk
01:08:22]} {[%emt 00:05:53]} Qc7 {[%clk 01:12:10]} {[%emt 00:00:11]} 18. Rfe1
{[%clk 01:07:46]} {[%emt 00:01:06]} Ne5 {[%clk 01:03:22]} {[%emt 00:09:19]} 19.
Nxe5 {[%clk 01:06:10]} {[%emt 00:02:05]} dxe5 {[%clk 00:59:27]} {[%emt
00:04:25]} 20. Be3 {[%clk 01:06:37]} {[%emt 00:00:02]} Ng4 {[%clk 00:57:36]}
{[%emt 00:02:22]} 21. Nf1 {[%clk 01:00:25]} {[%emt 00:06:42]} Nxe3 {[%clk
00:54:52]} {[%emt 00:03:15]} 22. Nxe3 {[%clk 01:00:52]} {[%emt 00:00:02]} Rac8
{[%clk 00:55:16]} {[%emt 00:00:06]} 23. Rac1 {[%clk 01:00:56]} {[%emt
00:00:26]} a5 {[%clk 00:53:00]} {[%emt 00:02:45]} 24. Red1 {[%clk 00:59:39]}
{[%emt 00:01:48]} Red8 {[%clk 00:49:07]} {[%emt 00:04:23]} 25. a4 {[%clk
00:55:52]} {[%emt 00:04:17]} Bc5 {[%clk 00:43:13]} {[%emt 00:06:24]} 26. axb5
{[%clk 00:54:53]} {[%emt 00:01:29]} Bxe3 {[%clk 00:43:33]} {[%emt 00:00:10]}
27. fxe3 {[%clk 00:55:16]} {[%emt 00:00:07]} Qb6 {[%clk 00:43:56]} {[%emt
00:00:08]} 28. Qc3 {[%clk 00:54:27]} {[%emt 00:01:18]} f6 {[%clk 00:43:35]}
{[%emt 00:00:51]} 29. b3 {[%clk 00:51:57]} {[%emt 00:03:00]} cxb3 {[%clk
00:39:07]} {[%emt 00:04:59]} 30. Qxb3 {[%clk 00:52:11]} {[%emt 00:00:15]} Rxc1
{[%clk 00:39:30]} {[%emt 00:00:07]} 31. Rxc1 {[%clk 00:52:30]} {[%emt
00:00:11]} a4 {[%clk 00:39:53]} {[%emt 00:00:07]} 32. Qd3 {[%clk 00:51:56]}
{[%emt 00:01:03]} Qa5 {[%clk 00:39:07]} {[%emt 00:01:17]} 33. Kf2 {[%clk
00:46:57]} {[%emt 00:05:29]} a3 {[%clk 00:35:21]} {[%emt 00:04:16]} 34. Qc3
{[%clk 00:44:36]} {[%emt 00:02:51]} Qxc3 {[%clk 00:31:24]} {[%emt 00:04:28]}
35. Rxc3 {[%clk 00:42:45]} {[%emt 00:02:20]} Rb8 {[%clk 00:31:46]} {[%emt
00:00:09]} 36. Rxa3 {[%clk 00:43:09]} {[%emt 00:00:05]} Rxb5 {[%clk 00:32:09]}
{[%emt 00:00:07]} 37. Ra7 {[%clk 00:43:00]} {[%emt 00:00:39]} Rb6 {[%clk
00:29:11]} {[%emt 00:03:28]} 38. Kf3 {[%clk 00:42:36]} {[%emt 00:00:54]} h5
{[%clk 00:29:17]} {[%emt 00:00:24]} 39. h3 {[%clk 00:42:15]} {[%emt 00:00:51]}
g6 {[%clk 00:13:04]} {[%emt 00:16:42]} 40. g3 {[%clk 00:40:02]} {[%emt
00:02:43]} g5 {[%clk 00:00:36]} {[%emt 00:12:59]} 41. Ke2 {[%clk 00:38:34]}
{[%emt 00:01:58]} Kf8 {[%clk 00:26:46]} {[%emt 00:04:19]} 42. Rh7 {[%clk
01:02:40]} {[%emt 00:06:24]} g4 {[%clk 00:19:12]} {[%emt 00:08:06]} 43. hxg4
{[%clk 00:59:35]} {[%emt 00:03:34]} hxg4 {[%clk 00:19:34]} {[%emt 00:00:07]}
44. Rh4 {[%clk 00:59:18]} {[%emt 00:00:47]} Rb2+ {[%clk 00:18:22]} {[%emt
00:01:43]} 45. Kd3 {[%clk 00:59:31]} {[%emt 00:00:16]} Rb3+ {[%clk 00:17:59]}
{[%emt 00:00:54]} 46. Kd2 {[%clk 00:59:29]} {[%emt 00:00:32]} Rb2+ {[%clk
00:17:40]} {[%emt 00:00:49]} 47. Kc3 {[%clk 00:59:46]} {[%emt 00:00:12]} Re2
{[%clk 00:17:56]} {[%emt 00:00:14]} 48. Kd3 {[%clk 01:00:08]} {[%emt 00:00:08]}
Ra2 {[%clk 00:17:43]} {[%emt 00:00:44]} 49. Rxg4 {[%clk 00:59:50]} {[%emt
00:00:48]} Rg2 {[%clk 00:16:40]} {[%emt 00:01:33]} 50. d6 {[%clk 00:58:01]}
{[%emt 00:02:19]} Ke8 {[%clk 00:15:48]} {[%emt 00:01:22]} 51. Rg7 {[%clk
00:57:32]} {[%emt 00:00:58]} Rg1 {[%clk 00:15:52]} {[%emt 00:00:27]} 52. Kc4
{[%clk 00:56:46]} {[%emt 00:01:15]} Re1 {[%clk 00:14:40]} {[%emt 00:01:43]} 53.
Kd5 {[%clk 00:56:40]} {[%emt 00:00:36]} Rxe3 {[%clk 00:14:06]} {[%emt
00:01:03]} 54. Ke6 {[%clk 00:56:45]} {[%emt 00:00:25]} Kf8 {[%clk 00:14:27]}
{[%emt 00:00:09]} 55. Ra7 {[%clk 00:56:50]} {[%emt 00:00:26]} Rb3 {[%clk
00:13:44]} {[%emt 00:01:12]} 56. Ra8+ {[%clk 00:55:34]} {[%emt 00:01:47]} Kg7
{[%clk 00:14:05]} {[%emt 00:00:09]} 57. d7 {[%clk 00:55:58]} {[%emt 00:00:06]}
Rb6+ {[%clk 00:13:55]} {[%emt 00:00:40]} 58. Kf5 {[%clk 00:56:11]} {[%emt
00:00:16]} 1-0

[Event "ODJM B 2023"]
[Site "Willingen GER"]
[Date "2023.06.02"]
[Round "8"]
[White "Uhlmann, Jonas"]
[Black "Borgert, Alexander"]
[Result "1-0"]
[Termination "normal"]
[Board "24"]
[WhiteElo "1558"]
[BlackElo "1516"]
[WhiteClock "00:55:33"]
[BlackClock "00:42:00"]
[PlyCount "65"]
[WhiteFideId "16258576"]
[BlackFideId "16289188"]
[EventCountry "GER"]
[EventRounds "9"]
[EventType "swiss"]
[EventDate "2023.05.27"]

1. e4 {[%clk 01:30:57]} {[%emt 00:00:01]} c5 {[%clk 01:30:55]} {[%emt
00:00:06]} 2. Nf3 {[%clk 01:31:19]} {[%emt 00:00:08]} Nc6 {[%clk 01:31:18]}
{[%emt 00:00:07]} 3. d4 {[%clk 01:31:43]} {[%emt 00:00:06]} cxd4 {[%clk
01:31:44]} {[%emt 00:00:04]} 4. Nxd4 {[%clk 01:32:09]} {[%emt 00:00:05]} g6
{[%clk 01:32:08]} {[%emt 00:00:05]} 5. Nc3 {[%clk 01:32:26]} {[%emt 00:00:13]}
Bg7 {[%clk 01:32:27]} {[%emt 00:00:11]} 6. Be3 {[%clk 01:32:45]} {[%emt
00:00:11]} Nf6 {[%clk 01:32:20]} {[%emt 00:00:38]} 7. f3 {[%clk 01:32:56]}
{[%emt 00:00:18]} d6 {[%clk 01:31:32]} {[%emt 00:01:18]} 8. Qd2 {[%clk
01:33:07]} {[%emt 00:00:19]} a6 {[%clk 01:31:26]} {[%emt 00:00:36]} 9. O-O-O
{[%clk 01:33:24]} {[%emt 00:00:13]} Bd7 {[%clk 01:30:43]} {[%emt 00:01:14]} 10.
Kb1 {[%clk 01:30:50]} {[%emt 00:03:03]} b5 {[%clk 01:30:37]} {[%emt 00:00:35]}
11. g4 {[%clk 01:30:21]} {[%emt 00:01:00]} b4 {[%clk 01:30:46]} {[%emt
00:00:22]} 12. Nd5 {[%clk 01:29:41]} {[%emt 00:01:09]} a5 {[%clk 01:29:49]}
{[%emt 00:01:27]} 13. h4 {[%clk 01:27:17]} {[%emt 00:02:55]} Nxd5 {[%clk
01:25:14]} {[%emt 00:05:05]} 14. exd5 {[%clk 01:26:52]} {[%emt 00:00:55]} Ne5
{[%clk 01:25:35]} {[%emt 00:00:09]} 15. h5 {[%clk 01:26:03]} {[%emt 00:01:18]}
Qc7 {[%clk 01:15:53]} {[%emt 00:10:11]} 16. h6 {[%clk 01:23:02]} {[%emt
00:03:32]} Bf8 {[%clk 01:15:23]} {[%emt 00:01:00]} 17. Be2 {[%clk 01:18:25]}
{[%emt 00:05:07]} Nc4 {[%clk 01:12:02]} {[%emt 00:03:51]} 18. Bxc4 {[%clk
01:17:51]} {[%emt 00:01:04]} Qxc4 {[%clk 01:12:27]} {[%emt 00:00:05]} 19. Ne2
{[%clk 01:14:47]} {[%emt 00:03:34]} Rc8 {[%clk 01:11:43]} {[%emt 00:01:15]} 20.
Rhe1 {[%clk 01:13:57]} {[%emt 00:01:18]} Bb5 {[%clk 00:48:27]} {[%emt
00:23:46]} 21. b3 {[%clk 01:11:58]} {[%emt 00:02:29]} Qc7 {[%clk 00:48:28]}
{[%emt 00:00:30]} 22. Nd4 {[%clk 01:11:53]} {[%emt 00:00:35]} Qb7 {[%clk
00:48:28]} {[%emt 00:00:30]} 23. Bg5 {[%clk 01:10:36]} {[%emt 00:01:47]} Rc7
{[%clk 00:47:13]} {[%emt 00:01:45]} 24. Qf4 {[%clk 01:09:13]} {[%emt 00:01:54]}
Rd7 {[%clk 00:44:44]} {[%emt 00:02:58]} 25. Nxb5 {[%clk 01:01:31]} {[%emt
00:08:12]} Qxb5 {[%clk 00:44:56]} {[%emt 00:00:18]} 26. Rd4 {[%clk 01:00:25]}
{[%emt 00:01:36]} Rg8 {[%clk 00:44:11]} {[%emt 00:01:14]} 27. Qf6 {[%clk
00:57:52]} {[%emt 00:03:04]} Qb7 {[%clk 00:44:05]} {[%emt 00:00:34]} 28. Rde4
{[%clk 00:56:17]} {[%emt 00:02:08]} Qa7 {[%clk 00:43:53]} {[%emt 00:00:41]} 29.
c3 {[%clk 00:54:31]} {[%emt 00:02:16]} bxc3 {[%clk 00:43:38]} {[%emt 00:00:46]}
30. Qxc3 {[%clk 00:54:52]} {[%emt 00:00:09]} Rc7 {[%clk 00:42:15]} {[%emt
00:01:52]} 31. Rxe7+ {[%clk 00:54:46]} {[%emt 00:00:36]} Bxe7 {[%clk 00:41:39]}
{[%emt 00:01:06]} 32. Rxe7+ {[%clk 00:55:08]} {[%emt 00:00:08]} Rxe7 {[%clk
00:42:00]} {[%emt 00:00:09]} 33. Qc8# {[%clk 00:55:33]} {[%emt 00:00:05]} 1-0

[Event "ODJM B 2023"]
[Site "Willingen GER"]
[Date "2023.06.02"]
[Round "8"]
[White "Direk, Oguzhan"]
[Black "Schächtelin, Jakob"]
[Result "1/2-1/2"]
[Termination "normal"]
[Board "25"]
[WhiteElo "1553"]
[BlackElo "1468"]
[WhiteClock "01:02:15"]
[BlackClock "00:53:51"]
[PlyCount "60"]
[WhiteFideId "16294343"]
[BlackFideId "34620834"]
[EventCountry "GER"]
[EventRounds "9"]
[EventType "swiss"]
[EventDate "2023.05.27"]

1. d4 {[%clk 01:30:55]} {[%emt 00:00:05]} d5 {[%clk 01:30:57]} {[%emt
00:00:03]} 2. Nc3 {[%clk 01:31:20]} {[%emt 00:00:05]} Nf6 {[%clk 01:31:12]}
{[%emt 00:00:14]} 3. Bf4 {[%clk 01:31:47]} {[%emt 00:00:02]} c6 {[%clk
01:30:58]} {[%emt 00:00:44]} 4. e3 {[%clk 01:32:06]} {[%emt 00:00:11]} Bf5
{[%clk 01:31:23]} {[%emt 00:00:05]} 5. f3 {[%clk 01:32:35]} {[%emt 00:00:02]}
e6 {[%clk 01:31:05]} {[%emt 00:00:47]} 6. g4 {[%clk 01:33:03]} {[%emt
00:00:02]} Bg6 {[%clk 01:31:15]} {[%emt 00:00:19]} 7. h4 {[%clk 01:33:31]}
{[%emt 00:00:02]} h6 {[%clk 01:30:37]} {[%emt 00:01:08]} 8. Bd3 {[%clk
01:33:57]} {[%emt 00:00:05]} Bxd3 {[%clk 01:30:54]} {[%emt 00:00:13]} 9. Qxd3
{[%clk 01:34:25]} {[%emt 00:00:02]} Bd6 {[%clk 01:30:51]} {[%emt 00:00:33]} 10.
Nge2 {[%clk 01:34:53]} {[%emt 00:00:02]} Qc7 {[%clk 01:30:46]} {[%emt
00:00:34]} 11. O-O-O {[%clk 01:34:24]} {[%emt 00:01:00]} Nbd7 {[%clk 01:31:00]}
{[%emt 00:00:16]} 12. Bxd6 {[%clk 01:33:51]} {[%emt 00:01:03]} Qxd6 {[%clk
01:31:23]} {[%emt 00:00:06]} 13. Nf4 {[%clk 01:33:51]} {[%emt 00:00:31]} O-O-O
{[%clk 01:31:18]} {[%emt 00:00:35]} 14. g5 {[%clk 01:33:18]} {[%emt 00:01:03]}
Ne8 {[%clk 01:30:16]} {[%emt 00:01:31]} 15. Kb1 {[%clk 01:13:37]} {[%emt
00:20:12]} e5 {[%clk 01:24:31]} {[%emt 00:06:15]} 16. dxe5 {[%clk 01:12:23]}
{[%emt 00:01:44]} Nxe5 {[%emt 00:01:17]} 17. Qf5+ {[%clk 01:12:43]} {[%emt
00:00:07]} Kb8 {[%clk 01:24:09]} {[%emt 00:00:08]} 18. Nd3 {[%clk 01:07:49]}
{[%emt 00:05:23]} Nxd3 {[%clk 01:22:37]} {[%emt 00:02:02]} 19. Rxd3 {[%clk
01:06:24]} {[%emt 00:01:56]} Qe7 {[%clk 01:16:50]} {[%emt 00:06:16]} 20. gxh6
{[%clk 01:02:04]} {[%emt 00:04:50]} Rxh6 {[%clk 01:10:21]} {[%emt 00:06:59]}
21. Qf4+ {[%clk 01:01:27]} {[%emt 00:01:07]} Ka8 {[%clk 01:04:49]} {[%emt
00:06:04]} 22. e4 {[%clk 01:00:31]} {[%emt 00:01:25]} dxe4 {[%clk 01:01:13]}
{[%emt 00:04:05]} 23. Rxd8+ {[%clk 01:00:43]} {[%emt 00:00:19]} Qxd8 {[%clk
01:01:34]} {[%emt 00:00:08]} 24. Rd1 {[%clk 01:00:53]} {[%emt 00:00:21]} Rd6
{[%clk 00:55:04]} {[%emt 00:06:59]} 25. Rxd6 {[%emt 00:00:52]} Nxd6 {[%clk
00:55:23]} {[%emt 00:00:09]} 26. Nxe4 {[%clk 01:00:22]} {[%emt 00:00:42]} Nxe4
{[%clk 00:55:27]} {[%emt 00:00:26]} 27. fxe4 {[%clk 01:00:50]} {[%emt
00:00:01]} Qd1+ {[%clk 00:55:43]} {[%emt 00:00:14]} 28. Qc1 {[%clk 01:01:19]}
{[%emt 00:00:02]} Qg4 {[%clk 00:55:00]} {[%emt 00:01:13]} 29. Qe1 {[%clk
01:01:46]} {[%emt 00:00:03]} a6 {[%clk 00:55:15]} {[%emt 00:00:15]} 30. a3
{[%clk 01:02:15]} {[%emt 00:00:01]} g5 {[%clk 00:53:51]} {[%emt 00:01:54]}
1/2-1/2

[Event "ODJM B 2023"]
[Site "Willingen GER"]
[Date "2023.06.02"]
[Round "8"]
[White "Wilmink, Luca"]
[Black "Reger, Christoph"]
[Result "0-1"]
[Termination "normal"]
[Board "26"]
[WhiteElo "1530"]
[BlackElo "1129"]
[WhiteClock "00:12:04"]
[BlackClock "00:50:15"]
[PlyCount "40"]
[WhiteFideId "16245253"]
[BlackFideId "16287606"]
[EventCountry "GER"]
[EventRounds "9"]
[EventType "swiss"]
[EventDate "2023.05.27"]

1. e4 {[%clk 01:30:44]} {[%emt 00:00:15]} c5 {[%clk 01:30:55]} {[%emt
00:00:05]} 2. Nf3 {[%clk 01:29:08]} {[%emt 00:02:06]} e6 {[%clk 01:31:10]}
{[%emt 00:00:16]} 3. d4 {[%clk 01:28:46]} {[%emt 00:00:52]} cxd4 {[%clk
01:31:32]} {[%emt 00:00:08]} 4. Nxd4 {[%clk 01:28:15]} {[%emt 00:01:01]} a6
{[%emt 00:01:09]} 5. Bc4 {[%clk 01:22:06]} {[%emt 00:05:42]} b5 {[%clk
01:31:40]} {[%emt 00:00:39]} 6. Bb3 {[%clk 01:22:27]} {[%emt 00:00:10]} Bb7
{[%clk 01:31:47]} {[%emt 00:00:22]} 7. f3 {[%clk 01:19:11]} {[%emt 00:03:47]}
Qc7 {[%clk 01:31:31]} {[%emt 00:00:46]} 8. Be3 {[%clk 01:13:33]} {[%emt
00:06:07]} Nc6 {[%clk 01:30:15]} {[%emt 00:01:46]} 9. O-O {[%clk 01:11:32]}
{[%emt 00:02:32]} Nf6 {[%clk 01:26:11]} {[%emt 00:04:34]} 10. Na3 {[%clk
00:55:31]} {[%emt 00:16:30]} Nxd4 {[%clk 01:17:28]} {[%emt 00:09:13]} 11. Qxd4
{[%clk 00:48:42]} {[%emt 00:07:20]} Bd6 {[%clk 01:16:01]} {[%emt 00:01:57]} 12.
f4 {[%clk 00:36:37]} {[%emt 00:12:35]} Nxe4 {[%clk 01:08:25]} {[%emt 00:08:04]}
13. Qxg7 {[%clk 00:24:33]} {[%emt 00:12:35]} Ke7 {[%clk 01:06:33]} {[%emt
00:02:23]} 14. Qh6 {[%clk 00:19:04]} {[%emt 00:05:58]} Rag8 {[%clk 01:05:12]}
{[%emt 00:01:52]} 15. Rae1 {[%clk 00:17:06]} {[%emt 00:02:27]} Qc6 {[%clk
01:01:54]} {[%emt 00:03:49]} 16. Qh3 {[%clk 00:16:35]} {[%emt 00:00:56]} Rg7
{[%clk 00:52:10]} {[%emt 00:10:18]} 17. g3 {[%clk 00:15:02]} {[%emt 00:02:04]}
Rhg8 {[%clk 00:50:19]} {[%emt 00:02:21]} 18. Qg2 {[%clk 00:14:03]} {[%emt
00:01:29]} Rxg3 {[%clk 00:49:45]} {[%emt 00:01:03]} 19. hxg3 {[%clk 00:11:38]}
{[%emt 00:02:55]} Rxg3 {[%clk 00:49:54]} {[%emt 00:00:21]} 20. Qxg3 {[%clk
00:12:04]} {[%emt 00:00:04]} Nxg3 {[%clk 00:50:15]} {[%emt 00:00:09]} 0-1

[Event "ODJM B 2023"]
[Site "Willingen GER"]
[Date "2023.06.02"]
[Round "8"]
[White "Jansen, Malte"]
[Black "Borgmann, Simon"]
[Result "1-0"]
[Termination "normal"]
[Board "27"]
[WhiteElo "1503"]
[BlackElo "1543"]
[WhiteClock "00:38:39"]
[BlackClock "00:22:13"]
[PlyCount "47"]
[WhiteFideId "16295137"]
[BlackFideId "16234677"]
[EventCountry "GER"]
[EventRounds "9"]
[EventType "swiss"]
[EventDate "2023.05.27"]

1. e4 {[%clk 01:30:54]} {[%emt 00:00:06]} d5 {[%clk 01:30:36]} {[%emt
00:00:25]} 2. exd5 {[%clk 01:30:56]} {[%emt 00:00:28]} Qxd5 {[%clk 01:31:01]}
{[%emt 00:00:05]} 3. Nc3 {[%clk 01:30:46]} {[%emt 00:00:39]} Qa5 {[%clk
01:31:25]} {[%emt 00:00:06]} 4. Nf3 {[%clk 01:30:25]} {[%emt 00:00:51]} Nf6
{[%clk 01:26:28]} {[%emt 00:05:27]} 5. d4 {[%clk 01:29:14]} {[%emt 00:01:42]}
c6 {[%clk 01:23:57]} {[%emt 00:03:01]} 6. Bc4 {[%clk 01:28:00]} {[%emt
00:01:43]} Bf5 {[%clk 01:23:38]} {[%emt 00:00:50]} 7. Bd2 {[%clk 01:27:26]}
{[%emt 00:01:04]} Qc7 {[%clk 01:22:59]} {[%emt 00:01:09]} 8. Ne2 {[%clk
01:22:14]} {[%emt 00:05:42]} e6 {[%clk 01:22:37]} {[%emt 00:00:52]} 9. Ng3
{[%clk 01:20:33]} {[%emt 00:02:10]} Bg6 {[%clk 01:21:46]} {[%emt 00:01:22]} 10.
Ne5 {[%clk 01:16:32]} {[%emt 00:04:29]} Nbd7 {[%clk 01:21:01]} {[%emt
00:01:16]} 11. Nxg6 {[%clk 01:16:40]} {[%emt 00:00:22]} hxg6 {[%clk 01:21:19]}
{[%emt 00:00:13]} 12. Bb3 {[%clk 01:12:52]} {[%emt 00:04:18]} Bd6 {[%clk
01:19:28]} {[%emt 00:02:21]} 13. Qf3 {[%clk 01:09:39]} {[%emt 00:03:43]} O-O-O
{[%clk 01:09:12]} {[%emt 00:10:47]} 14. O-O-O {[%clk 01:06:54]} {[%emt
00:03:13]} Rdf8 {[%clk 00:59:09]} {[%emt 00:10:33]} 15. Kb1 {[%clk 01:01:46]}
{[%emt 00:05:38]} Nb6 {[%clk 00:52:40]} {[%emt 00:07:00]} 16. c4 {[%clk
00:55:06]} {[%emt 00:07:10]} Be7 {[%clk 00:40:24]} {[%emt 00:12:46]} 17. Bf4
{[%clk 00:51:02]} {[%emt 00:04:34]} Qd8 {[%clk 00:40:02]} {[%emt 00:00:52]} 18.
h3 {[%clk 00:46:52]} {[%emt 00:04:39]} Nfd7 {[%clk 00:30:08]} {[%emt 00:10:25]}
19. Ne2 {[%clk 00:43:01]} {[%emt 00:04:20]} g5 {[%clk 00:28:16]} {[%emt
00:02:22]} 20. Bh2 {[%clk 00:42:41]} {[%emt 00:00:50]} Nf6 {[%clk 00:28:13]}
{[%emt 00:00:34]} 21. Nc3 {[%clk 00:41:31]} {[%emt 00:01:39]} Bb4 {[%clk
00:23:50]} {[%emt 00:04:53]} 22. d5 {[%clk 00:39:22]} {[%emt 00:02:39]} c5
{[%clk 00:21:55]} {[%emt 00:02:26]} 23. dxe6 {[%clk 00:38:39]} {[%emt
00:01:12]} Qe7 {[%clk 00:22:13]} {[%emt 00:00:10]} 24. Qg3 {[%emt 00:01:35]}
1-0

[Event "ODJM B 2023"]
[Site "Willingen GER"]
[Date "2023.06.02"]
[Round "8"]
[White "Eitel, Luc"]
[Black "Bakó, Evelin"]
[Result "1/2-1/2"]
[Termination "normal"]
[Board "28"]
[WhiteElo "1424"]
[BlackElo "1162"]
[WhiteClock "00:11:41"]
[BlackClock "00:32:45"]
[PlyCount "55"]
[WhiteFideId "16299728"]
[BlackFideId "16271823"]
[EventCountry "GER"]
[EventRounds "9"]
[EventType "swiss"]
[EventDate "2023.05.27"]

1. e4 {[%clk 01:30:38]} {[%emt 00:00:21]} e5 {[%clk 01:30:55]} {[%emt
00:00:06]} 2. Nf3 {[%clk 01:31:06]} {[%emt 00:00:02]} Nf6 {[%clk 01:31:22]}
{[%emt 00:00:03]} 3. Nc3 {[%clk 01:31:31]} {[%emt 00:00:06]} Nc6 {[%clk
01:31:48]} {[%emt 00:00:04]} 4. Bb5 {[%clk 01:31:57]} {[%emt 00:00:04]} Bc5
{[%clk 01:31:52]} {[%emt 00:00:25]} 5. O-O {[%clk 01:32:21]} {[%emt 00:00:06]}
d6 {[%clk 01:31:59]} {[%emt 00:00:23]} 6. d4 {[%clk 01:32:06]} {[%emt
00:00:45]} exd4 {[%clk 01:31:30]} {[%emt 00:00:59]} 7. Nxd4 {[%clk 01:32:29]}
{[%emt 00:00:08]} Bd7 {[%clk 01:31:45]} {[%emt 00:00:14]} 8. Bxc6 {[%clk
01:32:18]} {[%emt 00:00:41]} bxc6 {[%clk 01:31:08]} {[%emt 00:01:06]} 9. Bg5
{[%clk 01:30:28]} {[%emt 00:02:21]} O-O {[%clk 01:29:39]} {[%emt 00:01:58]} 10.
f4 {[%clk 01:16:30]} {[%emt 00:14:28]} Qb8 {[%clk 01:19:46]} {[%emt 00:10:24]}
11. Bxf6 {[%clk 01:14:37]} {[%emt 00:02:23]} gxf6 {[%clk 01:19:47]} {[%emt
00:00:29]} 12. Na4 {[%clk 01:13:12]} {[%emt 00:01:56]} Bxd4+ {[%clk 01:15:49]}
{[%emt 00:04:27]} 13. Qxd4 {[%clk 01:12:10]} {[%emt 00:01:32]} c5 {[%clk
01:13:59]} {[%emt 00:02:21]} 14. Nxc5 {[%clk 01:11:47]} {[%emt 00:00:52]} Qb6
{[%emt 00:01:59]} 15. Nb3 {[%clk 01:11:54]} Qxd4+ {[%clk 01:12:19]} {[%emt
00:01:05]} 16. Nxd4 {[%clk 01:12:15]} {[%emt 00:00:08]} Rfe8 {[%clk 01:12:31]}
{[%emt 00:00:17]} 17. Rfe1 {[%clk 01:09:28]} {[%emt 00:03:17]} Rab8 {[%clk
01:12:11]} {[%emt 00:00:51]} 18. b3 {[%clk 01:04:54]} {[%emt 00:05:04]} c5
{[%clk 00:52:33]} {[%emt 00:20:08]} 19. Nf5 {[%clk 01:02:07]} {[%emt 00:03:13]}
d5 {[%clk 00:52:08]} {[%emt 00:00:59]} 20. Nd6 {[%clk 00:54:57]} {[%emt
00:07:35]} Re6 {[%clk 00:51:12]} {[%emt 00:01:31]} 21. e5 {[%clk 00:55:15]}
{[%emt 00:00:12]} fxe5 {[%clk 00:51:16]} {[%emt 00:00:25]} 22. fxe5 {[%clk
00:55:36]} {[%emt 00:00:10]} f6 {[%clk 00:51:25]} {[%emt 00:00:21]} 23. Rad1
{[%clk 00:32:39]} {[%emt 00:23:27]} Bc6 {[%clk 00:45:35]} {[%emt 00:06:19]} 24.
Nf5 {[%clk 00:20:33]} {[%emt 00:12:36]} fxe5 {[%clk 00:43:53]} {[%emt
00:02:11]} 25. Ne3 {[%clk 00:15:08]} {[%emt 00:05:54]} d4 {[%clk 00:34:02]}
{[%emt 00:10:23]} 26. Nc4 {[%clk 00:14:35]} {[%emt 00:01:04]} e4 {[%clk
00:33:27]} {[%emt 00:01:05]} 27. h3 {[%clk 00:12:53]} {[%emt 00:02:12]} e3
{[%clk 00:32:45]} {[%emt 00:01:11]} 28. c3 {[%clk 00:11:41]} {[%emt 00:01:42]}
1/2-1/2